000 00893nam a22002417a 4500
005 20111108103925.0
008 111108t xxu||||| |||| 00| 0 eng d
010 _aENG-104052
020 _a9789381385203
_c675.00
035 _aEN-87585
037 _bDBAD/PUB
040 _aDPL
_bEng
082 _a301.018
100 _935745
245 _aMethodology of sociological research /
_cedited by Alok Kumar Kashyap
260 _aDelhi
_bAncient Publishing House
_c2011
270 _aV-75, Street No. 15-A, Vijay Park, Near C-11, Shiv Sadhana Mandir, Yamuna Vihar
_bDelhi
_e110053
300 _avi,288p.
_c22cm (Hb)
500 _aIncludes index
700 _935744
_aKashyap, Alok Kumar
942 _2ddc
_cEN
_h301.018
_mMET
999 _c58184
_d58184